Index to modern English

Spremljeno u:
Bibliografski detalji
Glavni autor: Crowell, Thomas Lee
Format: Knjiga
Jezik:Undetermined
Izdano: New York McGraw-Hill 1964
Teme:
Oznake: Dodaj oznaku
Bez oznaka, Budi prvi tko označuje ovaj zapis!
Thư viện lưu trữ: Trung tâm Học liệu Trường Đại học Cần Thơ
LEADER 00441nam a2200169Ia 4500
001 CTU_308
008 210402s9999 xx 000 0 und d
082 |a 428 
082 |b C953 
100 |a Crowell, Thomas Lee 
245 0 |a Index to modern English 
245 0 |c Thomas Lee Crowell 
260 |a New York 
260 |b McGraw-Hill 
260 |c 1964 
650 |a English language 
980 |a Trung tâm Học liệu Trường Đại học Cần Thơ